000 01837cam a22004214i 4500
003 PE-LiUPU
005 20250731172906.0
008 s txt rb 001 0 eng d
020 _a0802872719
020 _a9780802872715
035 _a(Sirsi) a166572
040 _aPE-LiUPU
_bspa
_cPE-LiUPU
_erda
049 _aPRUA
082 0 4 _a236
_bJ76
_223
245 1 2 _aHow to survive the Apocalypse :
_bzombies, cylons, faith, and politics at the end of the world /
_cRobert Joustra.
264 _aGrand Rapids, Michighan :
_bWilliam B. Eerdmans Publishing Company,
_c2016.
300 _a198 páginas ;
_c24 centimetros.
336 _atext
_2rdacontent
337 _aunmediated
_2rdamedia
338 _avolume
_2rdacarrier
505 0 4 _aThe world is going to hell -- A short history of the secular age -- A short history of the Apocalypse -- Keep calm and fight the cylons: new ways to be human -- Remember my name: antiheroes and inescapable horizons -- A lonely man, his computer, and the politics of recognition -- Winter is coming: the slide to subjectivism -- How to survive the zombie Apocalypse -- The scandal of subtler languages -- May the odds be ever in your favor: learning to love faithful institutions -- On Babylon's side.
526 _aSEG42
526 _aSEG41
526 _aSEG40
526 _aSEG39
526 _aP94
526 _aP87
526 _aP86
526 _aP85
526 _aP77
526 _aP76
526 _aP35
650 0 4 _aReligión,Teología Cristiana, Escatología.
596 _a1
942 _2ddc
_cBOOK
999 _a236 J76
_wLC
_c15316
_i75292
_f2021-11-10
_g5
_lCCODEBUL1
_mBUL
_p10.46
_r0
_sY
_tBOOK
_u2017-1-26
_xTEOLOGIA
_PP85
_0COMPRA
_o.STAFF. Colección Teología
_d15316
980 _81
_gALBERTO SANCHEZ Responsable de Automatización